Primeiro livro de poesia (Registo nº 165)

Detalhes MARC
000 -Etiqueta do registo
Cabeçalho 01200nam0a2200313 4500
005 - Identificador da versão
Campo de controlo 20240813121756.0
095 ## -
-- PTBN00356146
010 ## - Número internacional normalizado dos livros (ISBN)
Número (ISBN) 9722105973
021 ## - Número do Depósito Legal
Código do país PT
Número 49270/91
100 ## - Dados gerais de processamento
Dados gerais de processamento 20150206d2001 cd y0pory5003 ba
102 ## - Pais de publicação ou produção
País de publicação Portugal
101 0# - Língua de publicação
Língua do texto, banda sonora, etc. Português
215 ## - Descrição física 
Indicação específica da natureza do documento e extensão da espécie 188 p.
Outras indicações físicas il. color
200 1# - Titulo e menção de responsabilidade
Título próprio Primeiro livro de poesia
Informação de outro título poemas em língua portuguesa para a infância e a adolescência
Primeira menção de responsabilidade Gil Vicente ... [et al.]
Outras menções de responsabilidade selecção de Sophia de Mello Breyner Andresen
-- il. Júlio Resende
210 ## - Publicação, Distribuição, etc. 
Lugar da edição, distribuição, etc. [S. l.]
Nome do editor, distribuidor, etc. Caminho
Data da publicação, distribuição, etc. D. L. 1991
Data da impressão imp. 2001
300 ## - Notas gerais 
Texto da nota Plano Nacional de Leitura
314 ## - Notas relativas a responsabilidade intelectual 
Texto da nota Júlio Resende é pseudónimo de Júlio Martins Resende da Silva Dias
606 ## - Nome comum usado como assunto
Número de registo de entrada de autoridade 0002007
Palavra de ordem Literatura portuguesa
Subdivisão de assunto Poesia
Código do sistema CA
675 ## - Classificação Decimal Universal (CDU)
Notação 821.134.3-1
Edição 3ª ed.
Língua da edição por
702 ## - Nome de autor-pessoa física (responsabilidade secundária)
Número de registo de entrada de autoridade 0000226
Palavra de ordem Resende
Outra parte do nome não tomada para palavra de ordem Júlio
Elementos de identificação ou distinção pseud.
Código de função Ilustrador / Técnico de desenho computorizado
Número de registo de entrada de autoridade 0000987
Palavra de ordem Andresen
Outra parte do nome não tomada para palavra de ordem Sophia de Mello Breyner
Datas 1919-2004
Código de função Compilador
701 #1 - Nome de autor-pessoa física (co-responsabilidade principal)
Palavra de ordem Andrade
Outra parte do nome não tomada para palavra de ordem Eugénio de
Elementos de identificação ou distinção et al.
Código de função Autor / Co-autor
Palavra de ordem Costa Filho
Outra parte do nome não tomada para palavra de ordem Odylo
Elementos de identificação ou distinção et al.
Código de função Autor / Co-autor
Palavra de ordem Vicente
Outra parte do nome não tomada para palavra de ordem Gil
Elementos de identificação ou distinção et al.
Datas 1465?-1537?
Código de função Autor / Co-autor
966 ## - Identificação da Biblioteca
Sigla EB2,3ENM
942 ## - Elementos de entrada adicionados (Koha)
Tipo de item no Koha Livro
Exemplares
Situação do levantamento Origin of item (home branch) (coded) Biblioteca de empréstimo Código de barras Cota Circulation type (not for loan) Tipo de documento Nota do exemplar Damaged status
  Biblioteca Escolar Eng. Nuno Mergulhão Biblioteca Escolar Eng. Nuno Mergulhão BENM534 82LP-1 AND PNL   Livro Sem mensagem